000 01184nam a2200265Ia 4500
003 OSt
005 20200819174631.0
008 191128s1994 ck gr 000 0 spa d
020 _a9589276822
040 _aCo-JMCR
_cCo-JMCR
041 0 _aspa
082 0 4 _a368.4 /
_bJ371c
_223
100 1 _aJaramillo Pérez, Iván,
_eautor
_98952
245 1 0 _aComentarios a la Reforma de Seguridad Social /
_cIván Jaramillo Pérez, Luis Fernando Ramírez Acuña, José Roberto Herrera Vergara, [y otros 3]
250 _aPrimera edición
260 _aBogotá :
_bEdiciones Rosaristas ; Biblioteca Jurídica Dike
_c1994.
300 _a191 páginas ;
_c24 cm.
490 0 _aBiblioteca juridica Dick
505 0 _aLa ley 100 de 1993 y la nueva seguridad social en salud -- Papel del estado en la reforma a la seguridad social -- Campo de aplicación y régimen de transición del sistema de pensiones -- Vejez en el instituto de los seguros sociales -- Impacto macroeconóm
650 2 4 _aSeguridad social
_96217
650 2 4 _aLey 100
_xReforma
_98953
700 1 _aRamírez Acuña, Luis Fernando,
_eautor
_98954
700 1 _aHerrera Vergara, José Roberto,
_eautor
_98955
942 _2ddc
_cBK
999 _c6012
_d6012